Abu Dhabi's Vision 2030 (Record no. 185635)
[ view plain ]
| 000 -LEADER | |
|---|---|
| fixed length control field | 01302nam a2200313 a 4500 |
| 100 1# - MAIN ENTRY--AUTHOR NAME | |
| Personal name | Low, Linda. |
| 245 10 - TITLE STATEMENT | |
| Title | Abu Dhabi's Vision 2030 |
| 260 ## - PUBLICATION, DISTRIBUTION, ETC. (IMPRINT) | |
| Place of publication | Hackensack, N.J. : |
| Name of publisher | World Scientific, |
| Year of publication | 2012. |
| 300 ## - PHYSICAL DESCRIPTION | |
| Number of Pages | xvii, 182 p. : |
| Other physical details | ill. |
| 650 #0 - SUBJECT ADDED ENTRY--TOPICAL TERM | |
| Topical Term | Economic development projects |
| 856 40 - ELECTRONIC LOCATION AND ACCESS | |
| Uniform Resource Identifier | http://site.ebrary.com/lib/rucke/Doc?id=10583626 |
No items available.
